Lexique des termes juridiques / (Record no. 133776)

MARC details
000 -LEADER
campo de control de longitud fija 00891nam a2200253 i 4500
001 - NÚMERO DE CONTROL
campo de control 133776
003 - IDENTIFICADOR DE NÚMERO DE CONTROL
campo de control ES-MaACL
005 - FECHA Y HORA DE LA ÚLTIMA TRANSACCIÓN
campo de control 20230906194529.0
007 - CAMPO FIJO DE DESCRIPCIÓN FÍSICA--INFORMACIÓN GENERAL
campo de control de longitud fija t|
008 - DATOS DE LONGITUD FIJA--INFORMACIÓN GENERAL
campo de control de longitud fija 070829s2001 fr ||||1| fre d
080 ## - NÚMERO DE LA CLASIFICACIÓN DECIMAL UNIVERSAL
Número de la Clasificación Decimal Universal 34(038)
100 1# - ENTRADA PRINCIPAL--NOMBRE DE PERSONA
Nombre de persona Guillien, Raymond.
9 (RLIN) 60811
245 10 - MENCIÓN DEL TÍTULO
Título Lexique des termes juridiques /
Mención de responsabilidad, etc. Raymond Guillien et Jean Vincent ; sous la direction de Serge Guinchard , Gabriel Montagnier ; avec le concours, pou la présente édition de Jacques Azema ... [et al.].
250 ## - MENCION DE EDICION
Mención de edición 13e éd.
260 ## - PUBLICACIÓN, DISTRIBUCIÓN, ETC.
Lugar de publicación, distribución, etc. Paris :
Nombre del editor, distribuidor, etc. Dalloz,
Fecha de publicación, distribución, etc. [2001]
300 ## - DESCRIPCIÓN FÍSICA
Extensión 592 p. ;
Dimensiones 19 cm.
500 ## - NOTA GENERAL
Nota general Biblioteca Jacinto Martínez Lacalle.
650 14 - PUNTO DE ACCESO ADICIONAL DE MATERIA--TÉRMINO DE MATERIA
Término de materia o nombre geográfico como elemento de entrada Derecho-
Subdivisión de forma Diccionarios.
9 (RLIN) 11610
700 1# - ENTRADA AGREGADA--NOMBRE PERSONAL
Nombre de persona Vincent, Jean.
9 (RLIN) 115308
700 1# - ENTRADA AGREGADA--NOMBRE PERSONAL
Nombre de persona Guinchard, Serge.
9 (RLIN) 60852
700 1# - ENTRADA AGREGADA--NOMBRE PERSONAL
Nombre de persona Montagnier, Gabriel.
9 (RLIN) 82317
700 1# - ENTRADA AGREGADA--NOMBRE PERSONAL
Nombre de persona Azema, Jacques.
9 (RLIN) 24285
852 ## - LOCALIZACIÓN
Ubicación ES-MaACL
Número de control de estantería E-12061
Sublocalización o colección R.139986
Holdings
Estatus retirado Estado de pérdida Estado de daño No para préstamo Biblioteca de origen Biblioteca actual Ubicación en estantería Fecha de adquisición Fuente de adquisición Total de préstamos Signatura topográfica completa Código de barras Visto por última vez Precio de reemplazo Tipo de ítem Koha
        Biblioteca del Ateneo de Madrid Biblioteca del Ateneo de Madrid Depósito 2 17/01/2008     E-12061 1139258 23/02/2023 23/02/2023 Libro impreso